000 00735nam a2200205 a 4500
001 000011071
005 20200929162342.0
008 091014t1983 pr r 000 p spa d
040 _aDO-SdBNP
_bspa
_cBNPHU
082 _aPR861.44
_bM538t
100 1 _aMéndez, Angel Luis
_926574
245 1 0 _aTecnicólor de la gallina blanca :
_bantología poética /
_cAngel Luis Méndez ; prólogo Alfredo Matilla Rivas.
260 _aBarranquitas, Puerto Rico,
_c1983.
300 _a172 p. :
_bEl Antillano ;
_c23 cm.
590 _aInventariado, 2018/BT
650 4 _aPoesía puertorriqueña
_91015
650 4 _aLiteratura puertorriqueña
_9250
700 1 _aMatilla Rivas, Alfredo,
_epról.
_925277
910 _aValidado. Control de calidad. EMS
999 _c10796
_d10796